00330 2200145 4500245004800000250001100048100001800059650001600077650001700093005001900110260001800129041001400147084001400161336000900175 aSaya, Aku, dan KisahkucZalfa ZakiyahhText aCet. 1 aZalfa Zakiyah aKarya Siswa aAutobiografi a20250520111707 aJakartac2025 aIndonesia a081 ZAL s atext